000 00866nam a2200205Ii 4500
003 JO-AjNU
008 230605s9999||||xx |||||||||||||| ||und||
040 _aJO-AjNU
_bara
_erda
_cJO-AjNU
041 _aara
050 1 4 _aJX5141.M87
100 3 _a اللجنة الدولية للصليب الأحمر,
_eauthor
_948414
245 0 0 _aاتفاقيات جنيف المؤرخة في 12 آب / أغسطس 1949 
250 _a(د،ط)
264 3 1 _aجنيف : اللجنة الدولية للصليب الأحمر
300 _a286ص
336 _atext
_btxt
_2rdacontent
337 _aunmediated
_bn
_2rdamedia
338 _avolume
_bnc
_2rdacarrier
650 4 _aأسرى الحرب -- وضع قانوني -- قوانين -- حقوق الإنسان -- قوانين وتشريعات -- الحرب (قانون دولي) -- اتفاقيات جنيف (1949) 
_948415
999 _aA21200
_c24768
_d24768